000 00662 a2200289 4500
260 _aLyon
630 _a658 - Gestion commerciale
037 _b5, Achat
650 _a6 - SCIENCES APPLIQUEES
100 _aBloy, Eddy
260 _bPresses Universitaires de Lyon
245 _aFinance d'entreprise : initiation à l'analyse financière
300 _a311 p.
650 _aAnalyse financière
260 _c1982
300 _b21cm
100 _lFr
037 _aDE 1967
037 _aDE 1968
037 _aDE 1492
037 _aDE 1441
037 _aDE 1493
250 _a2e éd.
020 _a2-7297-0089-7
999 _c42087
_d42087